Geografia Polski na literę B - Statystyki

Ogólne statystyki
  • Ten quiz został rozwiązany 164 razy
  • Średni wynik to 9 z 17
Statystyki odpowiedzi
Wskazówka Odpowiedź % Poprawnych
Stolica województwa podlaskiego Białystok
95%
Park narodowy znany z dużej populacji żubra Białowieski Park Narodowy
89%
Czwarta najdłuższa rzeka w Polsce Bug
82%
Największy polski park narodowy Biebrzański Park Narodowy
81%
Grupa dwóch pasm górskich w łańcuchu Karpat Bieszczady
72%
Miasto znane z dużego wydobycia węgla brunatnego na jego terenie Bełchatów
70%
Grupa pasm górskich w łańcuchu Karpat Beskidy
67%
Miasto znane z kopalni soli Bochnia
65%
Rzeka w południowo-zachodniej Polsce o długości 272km Bóbr
59%
Największe miasto województwa śląskiego na tę literę Bielsko-Biała
54%
Pasmo górskie powyższego, którego najwyższym szczytem są Skrzyczne Beskid Śląski
43%
Park narodowy w województwie pomorskim Park Narodowy "Bory Tucholskie"
37%
Powiat, w którym znajduje się miasto Czeladź będziński
32%
Drugi najwyższy szczyt powyższego Barania Góra
23%
Ptak, który jest symbolem powyższego batalion
11%
Kraina geograficzna między Sudetami i Karpatami Brama Morawska
7%
Ósme najgłębsze jezioro w Polsce (Podpowiedź: leży w województwie warmińsko-mazurskim) Babięty Wielkie
1%
Nie znaleziono quizów pasujących do podanych kryteriów
Rozkład punktacji
Procent ludzi z każdym wynikiem
Percentyl według liczby udzielonych odpowiedzi
Twoja historia wyników
Nie rozwiązałeś tego quizu